00901nam a22002537a 45000010005000000030006000050050017000110080041000280200018000690400029000870500015001160820010001311000018001412450083001592600042002423000054002845050008003385200164003465210022005105210020005326500034005526500028005867000033006148253FISKH20250905101157.0250905b cb ||||| |||| 00| 0 eng d a9780440845980 aFISKHbengcFISKHdFISKH aQP145 .S49 a612.3 aShowers, Paul aWhat happens to a hamburger / cBy Paul Showers : Illustrated by Anne Rockwell aNew York : bA Trumpet Club , c1970. a32 pages : bcolor illustrations ;c17 x 22 cm .  aK  aExplains the processes by which a hamburger and other foods are used to make energy, strong bones, and solid muscles as they pass through the digestive system.8 a520 bLexile 8 aK bRaz-Plus  aDigestive systemvNon-fiction aHuman bodyvNon-fiction aRockwell, AnneeIllustrator